Business Environment Text & cases (Record no. 972)

MARC details
000 -LEADER
fixed length control field 00425nam a22001697a 4500
005 - DATE AND TIME OF LATEST TRANSACTION
control field 20180327151626.0
008 - FIXED-LENGTH DATA ELEMENTS--GENERAL INFORMATION
fixed length control field 160518b xxu||||| |||| 00| 0 eng d
020 ## - INTERNATIONAL STANDARD BOOK NUMBER
ISBN 978-0-07-022092-8
041 ## - LANGUAGE CODE
Language code of text/sound track or separate title eng
082 ## - DEWEY DECIMAL CLASSIFICATION NUMBER
Item number 2684
Classification number 338.7
100 ## - MAIN ENTRY--AUTHOR NAME
Personal name Paul Justin
245 ## - TITLE STATEMENT
Title Business Environment Text & cases
260 ## - PUBLICATION, DISTRIBUTION, ETC. (IMPRINT)
Place of publication New Delhi
Name of publisher Tata McGraw Hill Ltd.
Year of publication 2008
300 ## - PHYSICAL DESCRIPTION
Number of Pages 488
650 ## - SUBJECT ADDED ENTRY--TOPICAL TERM
Topical Term Management
942 ## - ADDED ENTRY ELEMENTS (KOHA)
Koha item type Books
Holdings
Lost status Damaged status Collection code Home library Current library Shelving location Date acquired Full call number Accession Number Koha item type
    MANAGEMENT JRU Library JRU Library SHELF-60-G 18/05/2016 338.7 2684 Books
    MANAGEMENT JRU Library JRU Library SHELF-60-G 18/05/2016 338.7 2685 Books
    MANAGEMENT JRU Library JRU Library SHELF-60-G 18/05/2016 338.7 2686 Books
    MANAGEMENT JRU Library JRU Library SHELF-60-G 18/05/2016 338.7 2687 Books
    MANAGEMENT JRU Library JRU Library SHELF-60-G 18/05/2016 338.7 2688 Books
    MANAGEMENT JRU Library JRU Library SHELF-41-J 18/05/2016 338.7 2689 Books
    Reference JRU Library   SHELF-30-D 18/05/2016 338.7 2690 Books